00258nam a2200097Ia 4500008004100000100002100041245002300062260002300085300000900108650004300117190216s9999||||xx |||||||||||||| ||und|| aWilliam E Conley 0aBasic Of Beginners bGalgotia Pubc1990 a162p a"Computer Programming. Programs, Data"